Rukoväť správné sekretářky

Gespeichert in:
Bibliographische Detailangaben
1. Verfasser: Ciglerová, Rosita (Verfasst von)
Format: Buch
Sprache:Tschechisch
Veröffentlicht: Praha : Grada Publishing, 2000
Tags: Tag hinzufügen
Keine Tags, Fügen Sie das erste Tag hinzu!

MARC

LEADER 00000nam a22000003a 4500
001 stu55607
005 20190206132337.1
008 001110s2000----xr------------------cze-d
020 |a 80-7169-956-X 
040 |a STU  |b slo 
041 0 |a cze 
044 |a xr 
080 |a 651 
100 1 |a Ciglerová, Rosita  |4 aut 
245 1 |a Rukoväť správné sekretářky 
260 |a Praha :  |b Grada Publishing,  |c 2000 
300 |a 87 s.Tab 
996 |b 284C018707  |c C*96444  |l CCI  |s A  |a 24  |w stu55607_0001